Communes du Morbihan (56) de plus de 10000 habitants - Statistiques

Statistiques générales
  • Ce quiz a été pris 111 fois
  • Le résultat moyen est 7 sur 10
Statistiques - réponses
Habitants Communes % Correct
54955 (préfecture) Vannes
100%
58202 Lorient
99%
14547 Pontivy
78%
14417 Auray
73%
23188 Lanester
70%
15831 Hennebont
64%
10021 Ploërmel
63%
18873 Ploemeur
57%
12173 Saint-Avé
41%
12236 Guidel
35%
Aucun quiz correspondant
Distribution des résultats
% des personnes avec chaque résultat
Percentile par nombre de réponses
Votre historique - résultats
Vous n’avez pas pris ce quiz